000 00336 a2200133 4500
001 155722
040 _cEscola São Tomás de Aquino
240 1 0 _aA Bíblia na linguagem de hoje
_lpor
245 1 0 _aA Bíblia na linguagem de hoje
300 _a739
440 1 _aSociedade Bíblica do Brasil
697 _aNovo Testamento
942 _cBK
999 _c155722
_d155722